Biochemistry of genetic engineering / (Record no. 13647)
[ view plain ]
| 000 -LEADER | |
|---|---|
| fixed length control field | 01012nam a2200289 a 4500 |
| 001 - CONTROL NUMBER | |
| control field | 13647 |
| 003 - CONTROL NUMBER IDENTIFIER | |
| rucl marc code | BD-RjUL |
| 005 - DATE AND TIME OF LATEST TRANSACTION | |
| control field | 20211208235505.0 |
| 008 - FIXED-LENGTH DATA ELEMENTS--GENERAL INFORMATION | |
| fixed length control field | 161211s1979 enkaf b 101 0 eng |
| 020 ## - INTERNATIONAL STANDARD BOOK NUMBER | |
| International Standard Book Number | 0904498085 |
| 035 ## - SYSTEM CONTROL NUMBER | |
| System control number | (BD-RjUL)13699 |
| 040 ## - CATALOGING SOURCE | |
| Original cataloging agency | DLC |
| Transcribing agency | DLC |
| Modifying agency | DLC |
| -- | BD-RjUL |
| Language of cataloging | eng |
| 041 ## - LANGUAGE CODE | |
| Language code of text/sound track or separate title | eng |
| 082 00 - DEWEY DECIMAL CLASSIFICATION NUMBER | |
| Classification number | 660.65 |
| Author mark and year | BIO 1979 |
| Edition number | 23 |
| 245 00 - TITLE STATEMENT | |
| Title | Biochemistry of genetic engineering / |
| Statement of responsibility, etc. | organized and edited by P. B. Garland and R. Williamson. |
| 260 ## - PUBLICATION, DISTRIBUTION, ETC. (IMPRINT) | |
| Place of publication, distribution, etc. | London : |
| Name of publisher, distributor, etc. | Biochemical Society, |
| Date of publication, distribution, etc. | c1979. |
| 300 ## - PHYSICAL DESCRIPTION | |
| Pagination | xi, 145 p., [10] p. of plates, [4] leaves of plates : |
| Illustrations | ill. ; |
| Size | 24 cm. |
| 490 1# - SERIES STATEMENT | |
| Series statement | Biochemical Society symposia ; |
| Volume/sequential designation | no. 44 |
| 504 ## - BIBLIOGRAPHY, ETC. NOTE | |
| Bibliography, etc | Includes bibliographies and index. |
| 650 #0 - SUBJECT ADDED ENTRY--TOPICAL TERM | |
| Topical term or geographic name as entry element | Genetic engineering |
| General subdivision | Congresses. |
| 9 (RLIN) | 37215 |
| Topical term or geographic name as entry element | Biochemical genetics |
| General subdivision | Congresses. |
| 9 (RLIN) | 42714 |
| 700 1# - ADDED ENTRY--PERSONAL NAME | |
| Personal name | Garland, P. B. |
| Personal name | Williamson, R. |
| Fuller form of name | (Robert) |
| 710 2# - ADDED ENTRY--CORPORATE NAME | |
| Corporate name or jurisdiction name as entry element | Biochemical Society (Great Britain) |
| 9 (RLIN) | 37053 |
| 942 ## - ADDED ENTRY ELEMENTS (KOHA) | |
| Source of classification or shelving scheme | Dewey Decimal Classification |
| Koha item type | Books |
| Lost status | Source of classification or shelving scheme | Damaged status | Not for loan | Collection code | Permanent Location | Current Location | Shelving location | Date acquired | Source of acquisition | Cost, normal purchase price | Total Checkouts | Full call number | Date last seen | Copy number | Koha item type |
|---|---|---|---|---|---|---|---|---|---|---|---|---|---|---|---|
| Dewey Decimal Classification | Non-fiction | Central Library, University of Rajshahi | Central Library, University of Rajshahi | 27/05/1985 | Tulip | 20.65 | 660.65 BIO 1979 | 01/02/2014 | C-2 | Books | |||||
| Dewey Decimal Classification | Non-fiction | Central Library, University of Rajshahi | Central Library, University of Rajshahi | 27/05/1985 | Tulip | 20.65 | 660.65 BIO 1979 | 01/02/2014 | C-3 | Books | |||||
| Dewey Decimal Classification | Not For Loan | Non-fiction | Central Library, University of Rajshahi | Central Library, University of Rajshahi | Reading Room | 27/05/1985 | Tulip Enterprise, Dhaka | 20.69 | 660.65 BIO 1979 | 10/04/2017 | C-1 | Books |